Charades #2 - Statistiques

Statistiques générales
  • Ce quiz a été pris 1 570 fois
  • Le résultat moyen est 15 sur 17
Statistiques - réponses
Indices Réponses % Correct
1 Mon deuxième est un animal qui habite les égouts. Rat
100%
1 Mon tout est ce que vous êtes en train de lire en ce moment. Charade
99%
1 Mon premier est un animal qui aime le lait. Chat
99%
1 Mon troisième est ce chiffre: II. Deux
99%
2 Mon second est le contraire de « tard ». Tôt
99%
2 Mon premier est un animal qui boit du lait. Chat
98%
2 Mon tout est un trésor national. Château
97%
4 Mon troisième est une matière utilisée pour faire des pulls. Laine
89%
3 Mon second est un mot que l’on utilise dans une approbation. Oui
85%
3 Mon tout est un fruit. Kiwi
83%
3 Mon premier est un pronom relatif invariable. Qui
83%
4 Mon deuxième est un pronom démonstratif. Ce
81%
4 Mon premier est un animal que vous trouvez souvent dans une ferme. Porc
80%
4 Mon tout est une matière très fragile. Porcelaine
79%
5 Mon second vous vient souvent à l’esprit. Idée
68%
5 Mon premier est un animal qui vit sous l’eau et qui pèse une tonne. Orque
65%
5 Mon tout est une belle variété de fleurs. Orchidée
64%
Aucun quiz correspondant
Distribution des résultats
% des personnes avec chaque résultat
Percentile par nombre de réponses
Votre historique - résultats
Vous n’avez pas pris ce quiz